Ανέκδοτα νομίσματα και μολυβδόβουλλα των κατά τους μέσους αιώνας δυναστών της Ελλάδος ; Νομίσματα των αδελφών Μαρτίνου και Βενέδικτου Β' Ζαχαρίων δυναστών της Χίου 1314-1329 ; Μεσαιωνικά νομίσματα των δυναστών της Χίου ; Ανέκδοτα νομίσματα του Μεσαιωνικού Βασιλείου της Κύπρου ; Monnaies inedites du Royaume de Chypre au moyen age ; Ανέκδοτα νομίσματα κοπέντα εν Πέραν υπό της αυτόθι αποικίας των Γενουηνσιών (1421-1436, 1436-1443)

Αποθηκεύτηκε σε:
Λεπτομέρειες βιβλιογραφικής εγγραφής
Κύριος συγγραφέας: Λάμπρου, Παύλος, 1819-1887
Μορφή: Βιβλίο
Γλώσσα:Greek
French
Δημοσίευση: Εν Αθήναις : Εκ του Τυπογραφείου Αδελφών Περρή, 1872-1886.
Θέματα:
Διαθέσιμο Online:http://hdl.handle.net/11610/16508
Ετικέτες: Προσθήκη ετικέτας
Δεν υπάρχουν, Καταχωρήστε ετικέτα πρώτοι!

MARC

LEADER 00000cam a2200000 i 4500
001 1/36811
008 131004s18721886gr | ||l |||| ||gre||
035 |l 10115717 
040 |a GR-MyUA  |b gre  |e AACR2 
041 0 |a gre  |h fre 
082 0 |a 737.4  |2 (22) 
100 1 |a Λάμπρου, Παύλος,   |d 1819-1887. 
245 1 0 |a  Ανέκδοτα νομίσματα και μολυβδόβουλλα των κατά τους μέσους αιώνας δυναστών της Ελλάδος ; Νομίσματα των αδελφών Μαρτίνου και Βενέδικτου Β' Ζαχαρίων δυναστών της Χίου 1314-1329 ; Μεσαιωνικά νομίσματα των δυναστών της Χίου ; Ανέκδοτα νομίσματα του Μεσαιωνικού Βασιλείου της Κύπρου ; Monnaies inedites du Royaume de Chypre au moyen age ; Ανέκδοτα νομίσματα κοπέντα εν Πέραν υπό της αυτόθι αποικίας των Γενουηνσιών (1421-1436, 1436-1443) /   |c υπο Παύλου Λάμπρου.  
260 |a Εν Αθήναις :   |b Εκ του Τυπογραφείου Αδελφών Περρή,   |c 1872-1886.  
300 |a 6τ. σε 1 (ιβ' 73 σ., 15 σ., θ' 82 σ., iii 51 σ., 48 σ., 31 σ.) :   |b εικ. ;   |c 26 εκ.  
500 |a Υπάρχει ψηφιακό αντίγραφο.  
500 |a Στο verso ετικέτα "Πόνος και επιμέλειατου διευθυντού τη Πορφυριάδι Σχολή 1898-1899". Στο recto σφραγίδα "Πορφυριάς Αστική Σχολή Καρλοβασίων" με αρ. 1185.  
500 |a Συσταχομένο με: Νομίσματα των αδελφών Μαρτίνου και Βενέδικτου Β' Ζαχαρίων δυναστών της Χίου 1314-1329 - Μεσαιωνικά νομίσματα των δυναστών της Χίου - Ανέκδοτα νομίσματα του Μεσαιωνικού Βασιλείου της Κύπρου - Monnaies inedites du Royaume de Chypre au moyen age - Ανέκδοτα νομίσματα κοπέντα εν Πέραν υπό της αυτόθι αποικίας των Γενουηνσιών (1421-1436, 1436-1443).  
500 |a Στο συσταχομένο με τίτλο Ανέκδοτα νομόσματα του Μεσαιωνικού Βασιλείου της Κύπρου εχει εκδότη "Τύποις Εφημερίδος των Συζητήσεων".  
650 0 0 |a Numismatics. 
650 0 |a Coins, Medieval  |z Greece  |z Chios (Municipality) 
740 0 |a Νομίσματα των αδελφών Μαρτίνου και Βενέδικτου Β' Ζαχαρίων δυναστών της Χίου 1314-1329 
740 0 |a Μεσαιωνικά νομίσματα των δυναστών της Χίου 
740 0 |a Ανέκδοτα νομίσματα του Μεσαιωνικού Βασιλείου της Κύπρου 
740 0 |a Monnaies inedites du Royaume de Chypre au moyen age 
740 0 |a Ανέκδοτα νομίσματα κοπέντα εν Πέραν υπό της αυτόθι αποικίας των Γενουηνσιών (1421-1436, 1436-1443) 
852 |a INST  |b SAMOS  |c PORFYRIADA  |e 20131004  |h 737.4 ΛΑΜ  |p 005300040610  |q 005300040610  |t NOLOAN  |y 23 
856 |u http://hdl.handle.net/11610/16508 
901 |a BIBL3-2013-3 
909 |a Σ  |b 178806 
970 |a ΚΟΣΙΕΡΗΣ  |b ΧΡΗΣΤΟΣ  |z 2013/10/04